[Event "Bethune op-B 24th"]
[Site "Bethune"]
[Date "2003.12.27"]
[Round "3"]
[White "Durczak, Jean Claude"]
[Black "Schuers, Olivier"]
[Result "1-0"]
[WhiteElo "1530"]
[BlackElo "1230"]
[PlyCount "57"]
[EventDate "2003.12.26"]
[EventType "swiss"]
[EventRounds "9"]
[EventCountry "FRA"]
[SourceTitle "EXT 2005"]
[Source "ChessBase"]
[SourceDate "2004.11.15"]
[SourceVersion "1"]
[SourceVersionDate "2004.11.15"]
[SourceQuality "1"]

1. e4 c5 2. Nc3 Nf6 3. d3 g6 4. f4 d6 5. Nf3 Nc6 6. Be2 Bg7 7. 0-0 0-0 8. Qe1 d5 9. e5 Ng4 10. h3 Nh6 11. Nh2 Nb4 12. Bd1 d4 13. Ne4 b6 14. a3 Nd5 15. g4 Ne3 16. Bxe3 Bb7 17. Bd2 e6 18. Bf3 Rb8 19. Ng5 f6 20. Nxe6 Qe7 21. Nxf8 Bxf8 22. Bxb7 Rxb7 23. exf6 Qxf6 24. g5 Qf5 25. gxh6 Qxh3 26. Rf3 Qxh6 27. Qe6+ Rf7 28. Rh3 Qg7 29. Ng4 1-0